| LEADER | 00745nam a22002291 4500 | ||
|---|---|---|---|
| 001 | c000074518 | ||
| 003 | CARM | ||
| 005 | 00000000000000.0 | ||
| 008 | 700427s1969 enk 00001 eng | ||
| 015 | |a B69-06377 | ||
| 019 | 1 | |a 561235 |5 LACONCORD2021 | |
| 020 | |a 720601908 | ||
| 035 | |a (OCoLC)38385 |5 LACONCORD2021 | ||
| 050 | 0 | 0 | |a PZ4.B9875 |b Go3 |a PS3552.U83 |
| 100 | 1 | |a Butler, William, |d 1929- | |
| 245 | 1 | |a A god novel. | |
| 260 | |a London, |b Owen, |c 1969. | ||
| 300 | |a 174 p. |c 19 cm. | ||
| 852 | 8 | |b CARM |h A2:AG04G0 |i A01580 |p 0114464 |f BK | |
| 082 | 0 | 4 | |a 813/.5/4 |
| 999 | f | f | |i ab8c8da3-35af-51e1-8920-3fc8d55a2da6 |s 8a24ede5-f20a-561a-8237-527422f9763a |
| 952 | f | f | |p Can circulate |a CAVAL |b CAVAL |c CAVAL |d CARM 1 Store |e A01580 |f A2:AG04G0 |h Other scheme |i book |m 0114464 |